El postmodernismo revisado

Furkejuvvon:
Bibliográfalaš dieđut
Váldodahkki: Jameson, Fredric (autor)
Materiálatiipa: Girji
Giella:espánnjágiella
Almmustuhtton: Madrid Abada Editores 2012
Ráidu:Filosofía
Fáttát:
Fáddágilkorat: Lasit fáddágilkoriid
Eai fáddágilkorat, Lasit vuosttaš fáddágilkora!

MARC

LEADER 00000cam a2200000 a 4500
001 UCF5552
003 CL-VaPUC
008 130318e20120000SP |||||||||||||||||spa|d
020 |a 9788415289517 
082 0 4 |a 306  |b JAM  |2 21 
100 |a Jameson, Fredric  |e autor  |9 611668 
245 1 3 |a El postmodernismo revisado 
300 |a 100 p 
942 |c BK 
945 |d 20130318 00:00:00  |a dcastane 
260 |a Madrid  |b Abada Editores  |c 2012 
650 7 |a POSTMODERNIDAD  |2 CL-VaPUC  |9 503976 
650 0 |a Antropología cultural   |9 269905 
650 0 |a Filosofía social  |9 268191 
583 |a last modification  |c 20130318 11:20:00  |k Rodrigo Vera 
490 0 |a Filosofía 
999 |c 351051  |d 351049 
952 |0 0  |1 0  |4 0  |6 306_000000000000000_JAM_2012  |7 0  |8 A  |9 454924  |a BIBART  |b BIBART  |d 2019-11-22  |i 4954122  |o 306 JAM 2012  |p 4954122  |r 2025-03-13  |w 2019-11-22  |y BK  |k ART